Descubriendo el país de nunca jamás (Registro nro. 242777)

Detalles MARC
000 -ENCABEZADO
Número de control [NR] 01927 a2200325 4500
005 - FECHA Y HORA DE LA ÚLTIMA TRANSACCIÓN
control field 20140526142538.0
008 - DE LONGITUD FIJA DE DATOS DE ELEMENTOS - INFORMACIÓN GENERAL
Elementos de longitud fija [NR] 140523s2004 ag g q mlmul d
040 ## - FUENTE DE CATALOGACION [NR]
Agencia de catalogación original [NR] CO-BoUCM
Idioma de catalogación [NR] spa
Quien Cataloga
Quien Clasifica Aldemar Mondragón
041 ## - CODIGO DE IDIOMA [R]
Código de idioma para texto/pista de sonido o título separado [R] Inglés
041 ## - CODIGO DE IDIOMA [R]
Código de idioma para texto/pista de sonido o título separado [R] Español
092 ## - SIGNATURA TOPOGRAFICA LOCAL
Número de clasificación local DVD 1438
245 00 - MENCION DE TITULO [NR]
Título [NR] Descubriendo el país de nunca jamás
Mención de responsabilidad, etc. [NR] Marc Forster, director
Medio físico [NR] [DVD]
246 13 - FORMA VARIANTE DEL TITULO [R]
Título propiamente dicho/forma breve del título [NR] Finding neverland
260 ## - PUBLICACION, DISTRIBUCION, ETC. (PIE DE IMPRENTA) [R]
Nombre del editor, distribuidor, etc. [R] Miramax Films
Fecha de publicación, distribución, etc. [R] 2004
Lugar de publicación, distribución, etc. [R] Buenos Aires (Argentina)
300 ## - DESCRIPCION FISICA [R]
Extensión [R] 1 DVD, 101 minutos
Otros detalles físicos [NR] imagen, sonido, color
500 ## - NOTA GENERAL [R]
Nota general [NR] SINOPSIS: La película detalla las experiencias de "Peter Pan", el autor JM Barrie , que lo llevó a escribir el clásico infantil. Llegó a conocer a cuatro niños que no tienen padre. Memoria de su tiempo con los niños, una historia sobre los niños que no quieren crecer
508 ## - NOTA DE CREDITOS DE CREACION/PRODUCCION [R]
Nota de créditos de creación/producción [NR] CRÉDITOS: Dirigida por Marc Forster ; guion por David Magee ; producida por Tracey Becker ; música por Jan A.P. Kaczmarek ; fotografía por Roberto Schaefer ; diseño de producción por Gemma Jackson ; dirección de arte por Peter Russell ; ambientación por Trisha Edwards ; vestuario por Alexandra Byrne
511 0# - NOTA DE PARTICIPANTE O INTERPRETE [R]
Nota de participante o intérprete [NR] REPARTO: Johnny Depp, Kate Winslet, Julie Christie, Radha Mitchell, Dustin Hoffman, Freddie Highmore, Joe Prospero, Nick Roud, Luke Spill, Ian Hart
546 ## - NOTA DE IDIOMA [R]
Nota de idioma [NR] Audio en inglés y español. Subtítulos en español
586 ## - NOTA DE PREMIOS [R]
Nota de premios [NR] Ganadora de un premio Oscar de la Academia, 2005 (mejor música original)
650 #7 - ASIENTO SECUNDARIO DE MATERIA - TERMINO TEMATICO [R]
9 (RLIN) 57722
Término temático o nombre geográfico como elemento de entrada [NR] Escritores en el cine
Subdivisión de forma [R] DVD
650 #7 - ASIENTO SECUNDARIO DE MATERIA - TERMINO TEMATICO [R]
9 (RLIN) 10774
Término temático o nombre geográfico como elemento de entrada [NR] Ciencia ficción
Subdivisión de forma [R] DVD
690 ## - ASUNTO AGREGADO LOCAL DE ENTRADA - TÉRMINO TEMÁTICO (OCLC, RLIN)
9 (RLIN) 42805
Acceso temático local Entretenimiento
700 1# - ASIENTO SECUNDARIO - NOMBRE PERSONAL [R]
Nombre personal [NR] Forster, Marc
Término de relación [R] director
9 (RLIN) 61649
710 2# - ASIENTO SECUNDARIO - NOMBRE CORPORATIVO [R]
Nombre corporativo o de jurisdicción como elemento de entrada [NR] Miramax Films
9 (RLIN) 51630
710 2# - ASIENTO SECUNDARIO - NOMBRE CORPORATIVO [R]
Nombre corporativo o de jurisdicción como elemento de entrada [NR] FilmColony
9 (RLIN) 61650
765 0# - ASIENTO DE IDIOMA ORIGINAL [R]
Título [NR] Finding neverland
856 40 - LOCALIZACION Y ACCESO ELECTRONICOS [R]
Identificador Uniforme del Recurso (“URI”) [R] <a href="https://www.youtube.com/watch?v=0v3XCUiwAhc">https://www.youtube.com/watch?v=0v3XCUiwAhc</a>
Nota dirigida al público [R] Siga este enlace para ver el trailer
-- Trailer tomado del canal LionsgateVOD vía YouTube.com
942 ## - ELEMENTOS DE ENTRADA AGREGADOS (KOHA)
Source of classification or shelving scheme LOCAL
Tema principal Entretenimiento
Koha item type Multimedia
Edition 1
Existencias
Suprimido Perdido Sistema de clasificación Dañado No prestable Tipo de ítem específico Ubicación habitual Ubicación actual Localización Fecha de creación Proveedor Forma de adquisición Costo Total préstamos Total Renewals Signatura topográfica Código de barras Última vez visto Fecha de último préstamo Ejemplar Costo de reposición Price effective from Tipo de ítem
    LOCAL     DVD Claustro Claustro Colección digital 18/02/2014 12 Donación 26000.00 6 1 DVD 1438 100141739 10/12/2024 08/04/2016 Ej.2 26000.00 18/02/2014 Multimedia
    LOCAL   Préstamo restringido DVD Procesos Técnicos (no para préstamo) Procesos Técnicos (no para préstamo) Procesos Técnicos 18/02/2014 12 Donación 26000.00     DVD 1438 100141419 09/12/2025   Ej.1 26000.00 18/02/2014 Multimedia